000 00531nam a2200181Ia 4500
005 20250508161246.0
008 008 250505s9999 xx 000 0 eng d
037 _aTextual
040 _aFEDL
_beng
_cFEDL
041 _aeng
_2eng
084 _a372.861 51, LOS
_qFEDL
245 0 _aDrug education in the elementary school : An instructional bulletin
245 0 _cLos Angeles Unified School District
260 _c1973
300 _avi,101p
942 _cTEXL
_h372.861 51, LOS
999 _c1369186
_d1369186